00556nam a22001697a 450000500170000001000150001702000260003203500140005803700090007208200110008110000280009224500800012026000550020027000870025530000270034270000170036920220218100140.0 aENG-131664 a9789392311000c699.00 aEN-115196 bDBAD a004.22 aPatra, P. Santosh Kumar aComputer Organization and Architecture/cP.Santosh Kumar Patra, Manu Hajari aHyderabadbSunRaise International Publishersc2021 a# 326/C, Level-2, Surneni Nilayam Near B K Guda Park, S R NagarbHyderabade500038 aviii, 400p.c24cm(pbk) aHajari, Manu